000 01703cam a2200397Mi 4500
003 PE-LiUPU
005 20250731183344.0
008 110507s20112011enk 000 0 eng d
020 _a1907896104
020 _a9781907896101
035 _a(Sirsi) i9781907896101
040 _aPE-LiUPU
_bspa
_cPE-LiUPU
_erda
049 _aPRUA
082 0 4 _a720.94105
_bA1
_222
245 0 0 _aAA book :
_bprojects review 2011.
246 0 1 _awhat we talk about when we talk about the AA
264 1 _aLondon :
_bArchitectural Association,
_c2011.
300 _a379 páginas. :
_bilustraciones. ;
_c25 centímetros
336 _atext
_2rdacontent
337 _aunmediated
_2rdamedia
338 _avolume
_2rdacarrier
505 0 _aIntroduction -- Foundation course -- First year studio -- Ghost dance times -- Intermediate school -- Complementary studies -- Sharp Award 2011 -- Graduate School -- Beyond Entropy -- Hooke park -- Workshops -- Research clusters -- Visiting School -- Digital Platforms -- Public Occasion Agency -- Timeline 2011 -- Publications -- Translate by -- Appendix
526 _aP158
526 _aP146
526 _aP17
526 _aP12
526 _aP06
610 2 4 _aArquitectura
_zGran Bretaña
_xHistoria
_ySiglo XXI.
650 1 4 _aArquitectura
_xHistoria
_xExhibiciones.
710 _aArchitectural Association,
_bGreat Britain,
_eeditor.
_96186
910 _ajck
942 _2ddc
_cBOOK
949 _a720.94105 A1
_wDEWEY
_c1
_i73452
_lCCODEBUL1
_mBUL
_r0
_sY
_tBOOK
_u2016-6-17
_xINGENIERIA
_0COMPRA
_o.STAFF. Colección General
999 _c10016
_d10016
980 _81
_gALBERTO SANCHEZ Responsable de Automatización